[Event "9. Lichtenberger Sommer 2010"]
[Site "Berlin"]
[Date "2010.08.13"]
[Round "7.43"]
[White "Müller, Peter"]
[Black "Streit, Jürgen"]
[Result "1-0"]
[WhiteElo "2013"]
[BlackElo "1946"]
[PlyCount "55"]
[EventDate "2010.??.??"]
[WhiteTeam "SV Berolina Mitte e.V."]
[BlackTeam "Schachzirkel Elstertal Langenber"]

1. e4 e5 2. Nf3 Nf6 3. Nxe5 Nxe4 4. Nc3 Qe7 5. Qe2 Nxc3 6. dxc3 d6 7. Nf3 Bg4
8. Be3 Nc6 9. h3 Bd7 10. O-O-O O-O-O 11. Qc4 a6 12. Nd4 Nxd4 13. Qxd4 c5 14.
Qf4 Bc6 15. Bc4 d5 16. Be2 g6 17. Rhe1 Qc7 18. Qf6 Bd6 19. Bg4+ Kb8 20. Bh6
Rde8 21. Bf3 Ka7 22. Rxe8 Rxe8 23. Bxd5 Bxd5 24. Rxd5 Re6 25. Qf3 Qe7 26. Be3
f5 27. g3 g5 28. Rxf5 1-0

[Event "9. Lichtenberger Sommer 2010"]
[Site "Berlin"]
[Date "2010.08.13"]
[Round "7.44"]
[White "Körner, Helmut"]
[Black "Solhdjou, Mohammed"]
[Result "0-1"]
[WhiteElo "1965"]
[BlackElo "1961"]
[PlyCount "46"]
[EventDate "2010.??.??"]
[WhiteTeam "Sfr.Nord-Ost Berlin"]
[BlackTeam "vereinslos"]

1. b4 e5 2. Bb2 Bxb4 3. Bxe5 Nf6 4. Nf3 Nc6 5. Bb2 O-O 6. a3 Ba5 7. e3 Re8 8.
Be2 d5 9. O-O Bg4 10. d3 Qe7 11. Nbd2 Rad8 12. h3 Bc8 13. Nb3 Bb6 14. d4 Nb8
15. a4 c6 16. Ba3 Qe6 17. Rc1 Ne4 18. c4 Qh6 19. Ne5 dxc4 20. Nxc4 Bc7 21. Bf3
Bxh3 22. gxh3 Qxh3 23. Nd6 Rxd6 0-1

[Event "9. Lichtenberger Sommer 2010"]
[Site "Berlin"]
[Date "2010.08.13"]
[Round "7.45"]
[White "Lang, Martin"]
[Black "Jaeger, Andre"]
[Result "1-0"]
[WhiteElo "1945"]
[BlackElo "2051"]
[PlyCount "79"]
[EventDate "2010.??.??"]
[WhiteTeam "SC Zugzwang 95 e.V."]
[BlackTeam "SC Rochade e.V."]

1. e4 c5 2. Nf3 Nc6 3. d4 cxd4 4. Nxd4 Nf6 5. Nc3 e5 6. Ndb5 d6 7. Bg5 a6 8.
Na3 Be6 9. Bxf6 gxf6 10. Bc4 Rc8 11. Bxe6 fxe6 12. O-O b5 13. Qh5+ Ke7 14. Ne2
Qe8 15. Qf3 Qg6 16. c4 bxc4 17. Rac1 Bh6 18. Rxc4 Nd4 19. Nxd4 Rxc4 20. Nxc4
exd4 21. Re1 Rc8 22. Qb3 Rc7 23. Qb4 Bf4 24. g3 Qg5 25. b3 Qb5 26. Qa3 Qg5 27.
Qxa6 d3 28. Rd1 d2 29. Qb6 d5 30. Nxd2 Rc2 31. exd5 Bxd2 32. Qxe6+ Kf8 33. d6
Qe5 34. Qd7 Qe2 35. Rf1 h6 36. Qf5 Bb4 37. Qxf6+ Ke8 38. Qxh6 Kd7 39. Qg7+ Kxd6
40. Qd4+ 1-0

[Event "9. Lichtenberger Sommer 2010"]
[Site "Berlin"]
[Date "2010.08.13"]
[Round "7.46"]
[White "Weyers, Guido"]
[Black "Schulz, Toni"]
[Result "1-0"]
[WhiteElo "1985"]
[BlackElo "1857"]
[PlyCount "47"]
[EventDate "2010.??.??"]
[WhiteTeam "SC Weisse Dame e.V."]
[BlackTeam "ESV Lok Raw Cottbus e.V."]

1. c4 Nf6 2. g3 e6 3. Bg2 Be7 4. e4 d6 5. Nc3 Nbd7 6. Nge2 c5 7. O-O a6 8. d4
O-O 9. h3 Rb8 10. a4 b6 11. Kh2 Bb7 12. f4 cxd4 13. Nxd4 Nc5 14. Qe2 e5 15. Nf5
Nfd7 16. Be3 Bf6 17. Nxd6 exf4 18. gxf4 Bxc3 19. bxc3 Bc6 20. e5 Bxa4 21. Bd5
b5 22. Qh5 Ne6 23. Rg1 Qe7 24. Nf5 1-0

[Event "9. Lichtenberger Sommer 2010"]
[Site "Berlin"]
[Date "2010.08.13"]
[Round "7.47"]
[White "Kötz, Andreas"]
[Black "Junge, Wolfgang"]
[Result "0-1"]
[WhiteElo "2039"]
[BlackElo "1745"]
[PlyCount "56"]
[EventDate "2010.??.??"]
[WhiteTeam "SC Zitadelle Spandau 1977 e.V."]
[BlackTeam "SC Friesen Lichtenberg e.V."]

1. d4 Nf6 2. c4 e6 3. g3 d5 4. Nf3 Bb4+ 5. Bd2 Bxd2+ 6. Nbxd2 O-O 7. Bg2 Nbd7
8. O-O b6 9. Ne5 Bb7 10. Rc1 Nxe5 11. dxe5 Nd7 12. f4 f6 13. Nf3 fxe5 14. Ng5
Nc5 15. b4 exf4 16. gxf4 h6 17. bxc5 hxg5 18. e3 Ba6 19. Qg4 Qe7 20. Rf3 Bxc4
21. Rh3 gxf4 22. Rxc4 dxc4 23. Be4 Qf6 24. Bh7+ Kf7 25. Rf3 Ke7 26. Rxf4 Qa1+
27. Kg2 Rxf4 28. Qxf4 Rc8 0-1

[Event "9. Lichtenberger Sommer 2010"]
[Site "Berlin"]
[Date "2010.08.13"]
[Round "7.48"]
[White "Kirchhof, Arno"]
[Black "Toumbeli, Zoi"]
[Result "1-0"]
[WhiteElo "2048"]
[BlackElo "1994"]
[PlyCount "71"]
[EventDate "2010.??.??"]
[WhiteTeam "SC Zugzwang 95 e.V."]
[BlackTeam "Patras Chess Club"]

1. d4 Nf6 2. c4 e6 3. Nc3 d5 4. Bg5 c6 5. e3 h6 6. Bh4 Be7 7. Nf3 Nbd7 8. Bd3
O-O 9. O-O dxc4 10. Bxc4 c5 11. Qe2 a6 12. a4 cxd4 13. exd4 Nb6 14. Bb3 Nbd5
15. Rad1 Nxc3 16. bxc3 Nd5 17. Bxe7 Nxe7 18. Ne5 Qc7 19. Qf3 Rb8 20. Rfe1 b5
21. axb5 Rxb5 22. c4 Ra5 23. d5 exd5 24. cxd5 Bb7 25. Rc1 Rc5 26. Rxc5 Qxc5 27.
Nd7 Qb4 28. Qe3 Re8 29. Nc5 Rc8 30. Qxe7 Rxc5 31. d6 Bc6 32. Bxf7+ Kh7 33. Be8
Bxg2 34. Kxg2 Rg5+ 35. Kh1 Qd4 36. Qe4+ 1-0

[Event "9. Lichtenberger Sommer 2010"]
[Site "Berlin"]
[Date "2010.08.13"]
[Round "7.49"]
[White "Herrmann, Eberhard"]
[Black "Barwich, Andreas"]
[Result "0-1"]
[WhiteElo "1818"]
[BlackElo "1905"]
[PlyCount "68"]
[EventDate "2010.??.??"]
[WhiteTeam "SC Friesen Lichtenberg e.V."]
[BlackTeam "SV Berolina Mitte e.V."]

1. e4 c5 2. f4 e6 3. Nf3 Nc6 4. c3 d5 5. e5 d4 6. Bd3 g6 7. Qe2 Bg7 8. Na3 Nge7
9. Nc4 O-O 10. Ng5 b5 11. Nd6 c4 12. Be4 d3 13. Qf3 Bd7 14. Nxb5 Nd5 15. Nd6
Nxe5 16. fxe5 Qxg5 17. Nxc4 Rac8 18. Bxd3 Bc6 19. Be4 Nb4 20. cxb4 Qh4+ 21. Qf2
Qxe4+ 22. Ne3 Bxe5 23. O-O Qxb4 24. a3 Qb6 25. Kh1 Bb5 26. Re1 Bg7 27. a4 Ba6
28. Qf4 Rc5 29. Ra2 Rfc8 30. Ra1 Qc6 31. h3 Rh5 32. Qg3 Be5 33. Qf2 Rxh3+ 34.
Kg1 Bh2+ 0-1

[Event "9. Lichtenberger Sommer 2010"]
[Site "Berlin"]
[Date "2010.08.13"]
[Round "7.50"]
[White "Lachmann, Daniel"]
[Black "Strobel, Norbert"]
[Result "0-1"]
[WhiteElo "1756"]
[BlackElo "1986"]
[PlyCount "46"]
[EventDate "2010.??.??"]
[WhiteTeam "SV Empor Berlin e.V."]
[BlackTeam "SK Zirndorf e.V."]

1. e4 d6 2. d4 g6 3. c4 Bg7 4. Nc3 Nf6 5. f3 O-O 6. Be3 Nbd7 7. Qd2 Re8 8. g4
c5 9. d5 Ne5 10. Be2 e6 11. g5 Nh5 12. f4 Nd7 13. Bxh5 gxh5 14. Qd3 Nb6 15.
O-O-O exd5 16. Nxd5 Nxd5 17. Qxd5 Bg4 18. Rd2 Qe7 19. h3 Bd7 20. Bxc5 Bc6 21.
Qxd6 Qxe4 22. Rhh2 Qxc4+ 23. Kd1 Bf8 0-1

[Event "9. Lichtenberger Sommer 2010"]
[Site "Berlin"]
[Date "2010.08.13"]
[Round "7.51"]
[White "Kornath, Heinrich"]
[Black "Roth, Joachim"]
[Result "0-1"]
[WhiteElo "1976"]
[BlackElo "1895"]
[PlyCount "76"]
[EventDate "2010.??.??"]
[WhiteTeam "SC Friesen Lichtenberg e.V."]
[BlackTeam "SG Bund"]

1. e4 e6 2. d4 c5 3. c3 b6 4. Nf3 Bb7 5. Bd3 d6 6. O-O Nf6 7. Re1 Be7 8. Bg5
O-O 9. Nbd2 Nc6 10. Rc1 a6 11. Nf1 Nd7 12. Bxe7 Qxe7 13. Ng3 g6 14. Qd2 Rfe8
15. h4 e5 16. d5 Nd8 17. h5 b5 18. Kh2 c4 19. Bb1 Nc5 20. Rh1 f6 21. hxg6 hxg6
22. Kg1 Bc8 23. Nh4 Qg7 24. Re1 Nf7 25. Re3 Kf8 26. Rf3 Bg4 27. Ngf5 gxf5 28.
Nxf5 Bxf5 29. Rxf5 Ke7 30. Rh3 Rh8 31. Rg3 Qh6 32. Qxh6 Rxh6 33. Bc2 Rah8 34.
Kf1 Ng5 35. f3 a5 36. Ke2 b4 37. Kd2 Rb8 38. Bd1 Ncxe4+ 0-1

[Event "9. Lichtenberger Sommer 2010"]
[Site "Berlin"]
[Date "2010.08.13"]
[Round "7.52"]
[White "Merz, Rüdiger"]
[Black "Kiesewetter, Peter"]
[Result "0-1"]
[WhiteElo "1920"]
[BlackElo "1887"]
[PlyCount "62"]
[EventDate "2010.??.??"]
[WhiteTeam "SK Zehlendorf e.V."]
[BlackTeam "SC Schwarz-Weiß Lichtenrade e.V."]

1. e4 c5 2. Nf3 e6 3. d4 cxd4 4. Nxd4 Nc6 5. Be2 Nf6 6. f3 Nxd4 7. Qxd4 Qc7 8.
Nc3 Bc5 9. Qd2 a6 10. f4 d6 11. Bf3 O-O 12. Qe2 Rd8 13. Bd2 Rb8 14. g4 b5 15.
g5 Nd7 16. O-O-O b4 17. Na4 Bd4 18. Kb1 Qa5 19. b3 Nb6 20. Nxb6 Rxb6 21. a4 Bd7
22. Bc1 Bc3 23. Bb2 Rc8 24. Rd3 Bxb2 25. Kxb2 Bb5 26. axb5 Qa3+ 27. Kb1 Rxb5
28. Rxd6 Ra5 29. c4 Qa1+ 30. Kc2 Ra2+ 31. Kd3 Qc3# 0-1

[Event "9. Lichtenberger Sommer 2010"]
[Site "Berlin"]
[Date "2010.08.13"]
[Round "7.53"]
[White "Neumaier, Hubert"]
[Black "Ziems, Michael"]
[Result "1/2-1/2"]
[WhiteElo "1858"]
[BlackElo "1798"]
[PlyCount "40"]
[EventDate "2010.??.??"]
[WhiteTeam "vereinslos"]
[BlackTeam "SV Empor Berlin e.V."]

1. d4 e6 2. Nf3 d5 3. Bf4 Nf6 4. c3 c5 5. e3 Qb6 6. Qb3 c4 7. Qc2 Qa5 8. Nbd2
b5 9. Be2 Bb7 10. O-O Nbd7 11. h3 Qb6 12. b3 Bd6 13. Ne5 Qc7 14. Nxd7 Nxd7 15.
Bxd6 Qxd6 16. f4 O-O 17. bxc4 bxc4 18. Bf3 Bc6 19. Rae1 f5 20. Rb1 Rab8 1/2-1/2

[Event "9. Lichtenberger Sommer 2010"]
[Site "Berlin"]
[Date "2010.08.13"]
[Round "7.54"]
[White "Peters, Henning"]
[Black "Walter, Günter"]
[Result "1/2-1/2"]
[WhiteElo "1740"]
[BlackElo "2017"]
[PlyCount "39"]
[EventDate "2010.??.??"]
[WhiteTeam "SV Bad Schwartau von 1930"]
[BlackTeam "TSG Oberschöneweide e.V."]

1. e4 e5 2. Nf3 Nc6 3. d4 exd4 4. Nxd4 Bc5 5. Nb3 Bb6 6. a4 a6 7. Nc3 d6 8. Be2
Qh4 9. O-O Nf6 10. a5 Ba7 11. Ra4 Ne5 12. Nd4 Bxd4 13. Rxd4 O-O 14. f4 Nc6 15.
Rd3 Re8 16. Bf3 Bg4 17. Nd5 Bxf3 18. Rdxf3 Nxd5 19. Qxd5 Qe7 20. Re1 1/2-1/2

[Event "9. Lichtenberger Sommer 2010"]
[Site "Berlin"]
[Date "2010.08.13"]
[Round "7.55"]
[White "Penner, Markus"]
[Black "Mohr, Horst"]
[Result "1-0"]
[WhiteElo "1921"]
[BlackElo "1798"]
[PlyCount "89"]
[EventDate "2010.??.??"]
[WhiteTeam "SK Zehlendorf e.V."]
[BlackTeam "SC Caissa Falkensee e.V."]

1. e4 c6 2. d4 d5 3. exd5 cxd5 4. Bd3 Nc6 5. c3 Qc7 6. h3 Nf6 7. Nf3 g6 8. O-O
Bf5 9. Re1 Bxd3 10. Qxd3 Bg7 11. Nbd2 O-O 12. Ne5 a6 13. Ndf3 e6 14. Bf4 Qb6
15. a4 Rac8 16. Bg5 Nxe5 17. Nxe5 Ne4 18. Rxe4 dxe4 19. Qxe4 Qc7 20. Ng4 Qc6
21. Qf4 f5 22. Ne5 Bxe5 23. Qxe5 Qd5 24. Qf4 Qe4 25. Qxe4 fxe4 26. Kf1 Rf5 27.
Be3 Ra8 28. c4 Kf8 29. Ra3 b5 30. axb5 a5 31. c5 Ke8 32. Ra4 Rd8 33. Rxa5 e5
34. g4 Rf3 35. dxe5 Rd1+ 36. Kg2 Rb1 37. Ra4 Rxb2 38. Rxe4 Rf7 39. b6 Kd8 40.
Ra4 Kd7 41. Ra7+ Ke6 42. Rxf7 Kxf7 43. c6 Ke7 44. c7 Kd7 45. e6+ 1-0

[Event "9. Lichtenberger Sommer 2010"]
[Site "Berlin"]
[Date "2010.08.13"]
[Round "7.56"]
[White "Lange, Rudolf"]
[Black "Vollbrecht, Lars"]
[Result "0-1"]
[WhiteElo "1790"]
[BlackElo "1881"]
[PlyCount "74"]
[EventDate "2010.??.??"]
[WhiteTeam "SG Narva Berlin e.V."]
[BlackTeam "SF Siemensstadt"]

1. d4 d5 2. c4 c6 3. Nf3 Nf6 4. Nc3 dxc4 5. a4 Bf5 6. e3 e6 7. Bxc4 Bb4 8. O-O
O-O 9. Qe2 Bg4 10. Rd1 a5 11. e4 Qc7 12. e5 Nd5 13. Ne4 Be7 14. h3 Bh5 15. Bg5
h6 16. Bxe7 Nxe7 17. g4 Bg6 18. Nfd2 Na6 19. Nd6 Nb4 20. N2e4 Ned5 21. Qf3 f5
22. exf6 gxf6 23. Ra3 f5 24. gxf5 exf5 25. Qg3 Kh7 26. Bxd5 Nxd5 27. Rb3 b6 28.
Nc3 f4 29. Qf3 Qxd6 30. Nxd5 cxd5 31. Rc3 Be4 32. Qh5 Rg8+ 33. Kf1 f3 34. Rdc1
Ra7 35. Rc6 Qf4 36. Rc7+ Rxc7 37. Rxc7+ Qxc7 0-1

[Event "9. Lichtenberger Sommer 2010"]
[Site "Berlin"]
[Date "2010.08.13"]
[Round "7.57"]
[White "Bergmann, Jens"]
[Black "Bullig, Reinhard"]
[Result "1-0"]
[WhiteElo "1949"]
[BlackElo "1717"]
[PlyCount "107"]
[EventDate "2010.??.??"]
[WhiteTeam "SK Tempelhof 1931 e.V."]
[BlackTeam "Sfrd. Berlin 1903 e.V."]

1. e4 c5 2. g3 d6 3. Bg2 Nf6 4. Ne2 Nc6 5. c3 Bd7 6. O-O Qc8 7. Nf4 e5 8. Nd5
Nxd5 9. exd5 Ne7 10. d4 cxd4 11. cxd4 g6 12. Bg5 Bg7 13. Nc3 h6 14. Ne4 Qc7 15.
Bf6 Bxf6 16. Nxf6+ Kf8 17. dxe5 Qd8 18. Re1 dxe5 19. Rxe5 Nf5 20. Nxd7+ Qxd7
21. d6 Qxd6 22. Qe1 h5 23. Rd1 Qc7 24. Bh3 Rd8 25. Rxd8+ Qxd8 26. Bxf5 gxf5 27.
Rxf5 Kg7 28. h4 f6 29. Qe2 Kg6 30. Qf3 Qe7 31. Rb5 b6 32. Qf5+ Kg7 33. Rd5 Rd8
34. Rxd8 Qxd8 35. Qxh5 Qd3 36. Qg4+ Kf7 37. h5 Qb1+ 38. Kg2 f5 39. Qg6+ Kf8 40.
Qf6+ Ke8 41. Qe6+ Kf8 42. h6 Qxb2 43. Qxf5+ Kg8 44. Qg6+ Kh8 45. g4 Qe5 46.
Qg7+ Qxg7 47. hxg7+ Kxg7 48. Kf3 Kf6 49. Ke4 Ke6 50. Kd4 Kd6 51. Kc4 Ke5 52.
Kb5 Kd4 53. g5 Ke5 54. f4+ 1-0

[Event "9. Lichtenberger Sommer 2010"]
[Site "Berlin"]
[Date "2010.08.13"]
[Round "7.58"]
[White "Getzuhn, Detlef"]
[Black "Koppitz, Sebastian"]
[Result "1-0"]
[WhiteElo "1934"]
[BlackElo "1059"]
[PlyCount "49"]
[EventDate "2010.??.??"]
[WhiteTeam "SV Senat"]
[BlackTeam "TSG Rot-Weiß Fredersdorf/Vogelsd"]

1. e4 c5 2. Nf3 d6 3. c4 Nf6 4. Nc3 Nc6 5. d4 cxd4 6. Nxd4 g6 7. Be2 Bg7 8.
Nxc6 bxc6 9. O-O Bb7 10. Bf4 Qa5 11. Qd2 h5 12. f3 h4 13. a3 c5 14. b4 cxb4 15.
axb4 Qxb4 16. Rfb1 Qc5+ 17. Be3 Qc6 18. Rxa7 Rxa7 19. Bxa7 Bh6 20. Qb2 Bc8 21.
Nd5 Bg7 22. Bd4 e5 23. c5 Kf8 24. Bb5 Qb7 25. c6 1-0

[Event "9. Lichtenberger Sommer 2010"]
[Site "Berlin"]
[Date "2010.08.13"]
[Round "7.59"]
[White "Schlittermann, Wolfgang"]
[Black "Schüler, Wolfgang"]
[Result "1/2-1/2"]
[WhiteElo "1683"]
[BlackElo "1982"]
[PlyCount "83"]
[EventDate "2010.??.??"]
[WhiteTeam "SK Gilette"]
[BlackTeam "SC Friesen Lichtenberg e.V."]

1. b3 e5 2. Bb2 d6 3. e3 Nf6 4. Ne2 Be7 5. f4 Nc6 6. fxe5 dxe5 7. Ng3 Bd6 8.
Bb5 Bd7 9. O-O a6 10. Be2 O-O 11. Nf5 Bxf5 12. Rxf5 Ne7 13. Rf2 Nd7 14. Qf1 f6
15. Bf3 c6 16. Na3 Nc5 17. d4 exd4 18. exd4 Nd7 19. Nc4 Bc7 20. Ba3 Re8 21. Bd6
Nb6 22. Bxc7 Qxc7 23. Rd1 Nbd5 24. Re1 b5 25. Bxd5+ Nxd5 26. Nd2 Nc3 27. a4
bxa4 28. Rxe8+ Rxe8 29. bxa4 a5 30. Qc4+ Nd5 31. Re2 Qd7 32. Nb3 Kf8 33. Nxa5
Rxe2 34. Qxe2 Nc3 35. Qc4 Qxd4+ 36. Qxd4 Ne2+ 37. Kf2 Nxd4 38. c3 Ne6 39. Nxc6
Ke8 40. Ke3 Kd7 41. Nb4 Kd6 42. a5 1/2-1/2

[Event "9. Lichtenberger Sommer 2010"]
[Site "Berlin"]
[Date "2010.08.13"]
[Round "7.60"]
[White "Hertwig, Christopher"]
[Black "Würsig, Mathias"]
[Result "1-0"]
[WhiteElo "2086"]
[BlackElo "1868"]
[PlyCount "51"]
[EventDate "2010.??.??"]
[WhiteTeam "SK König Tegel 1949 e.V."]
[BlackTeam "SV Blau-Gelb 1899 Hosena e.V."]

1. e4 d6 2. c4 Nf6 3. Nc3 e5 4. Nf3 Nc6 5. Be2 g6 6. d4 Bg4 7. d5 Bxf3 8. Bxf3
Nd4 9. Be3 Nxf3+ 10. Qxf3 Be7 11. Qe2 Nd7 12. O-O Bg5 13. Kh1 O-O 14. b4 a5 15.
a3 Bxe3 16. Qxe3 f5 17. f3 f4 18. Qf2 Qe7 19. Nb5 Rfc8 20. Rfc1 b6 21. Nc3 c6
22. dxc6 Rxc6 23. Qe2 Rb8 24. Qd3 Nf6 25. Nd5 Nxd5 26. Qxd5+ 1-0

[Event "9. Lichtenberger Sommer 2010"]
[Site "Berlin"]
[Date "2010.08.13"]
[Round "7.61"]
[White "Bandsom, Olaf"]
[Black "Richter, Götz"]
[Result "0-1"]
[WhiteElo "1779"]
[BlackElo "2072"]
[PlyCount "116"]
[EventDate "2010.??.??"]
[WhiteTeam "SC Friesen Lichtenberg e.V."]
[BlackTeam "Klub Kölner Schachfreunde e.V. 1"]

1. e4 c5 2. Nf3 d6 3. d4 cxd4 4. Nxd4 Nf6 5. Nc3 Nc6 6. Be3 Ng4 7. Qd2 Nxe3 8.
Qxe3 e6 9. O-O-O Be7 10. Kb1 a6 11. f4 Bd7 12. Nf3 O-O 13. g4 b5 14. h4 Rc8 15.
Rd2 Na5 16. Rg2 Qc7 17. f5 b4 18. Nd1 Nc4 19. Bxc4 Qxc4 20. e5 exf5 21. gxf5
Bxf5 22. Nd4 Bg6 23. h5 dxe5 24. hxg6 Qxd4 25. gxh7+ Kh8 26. Qg3 g6 27. Rf1 Rc6
28. Ne3 Rf6 29. Rd1 Qe4 30. Ng4 Rf4 31. Re1 Qf5 32. Ne3 Qe6 33. Ng4 Bf6 34. b3
Bg7 35. Ne3 Re8 36. Nc4 Qf6 37. Qg5 Rf1 38. Qe3 e4 39. c3 Rxe1+ 40. Qxe1 Qxc3
41. Qxc3 Bxc3 42. Re2 f5 43. Kc2 Kxh7 44. a3 Re6 45. axb4 Bxb4 46. Rh2+ Kg7 47.
Ne3 Rd6 48. Rg2 Kf6 49. Nc4 Rd3 50. Rg1 Rc3+ 51. Kb2 Rh3 52. Nb6 Rh2+ 53. Kb1
Rd2 54. Nc4 Rd3 55. Kc2 a5 56. Rf1 Rc3+ 57. Kb2 Rh3 58. Rf2 e3 0-1

[Event "9. Lichtenberger Sommer 2010"]
[Site "Berlin"]
[Date "2010.08.13"]
[Round "7.62"]
[White "Slepuschkin, Shenis"]
[Black "Rüther, Marc"]
[Result "0-1"]
[WhiteElo "2099"]
[BlackElo "1749"]
[PlyCount "90"]
[EventDate "2010.??.??"]
[WhiteTeam "SK Zehlendorf e.V."]
[BlackTeam "Queer-Springer SSV Berlin"]

1. e4 c5 2. c3 d5 3. exd5 Qxd5 4. d4 Nf6 5. Nf3 Bg4 6. Nbd2 cxd4 7. Bc4 Qh5 8.
cxd4 Nc6 9. Qb3 Rb8 10. h3 Bd7 11. O-O e6 12. Re1 Be7 13. Be2 Qd5 14. Bc4 Qa5
15. a3 O-O 16. Qd3 b5 17. Ba2 Rfd8 18. Nb3 Qb6 19. Be3 Nd5 20. Rac1 Bc8 21. h4
Bf6 22. Nc5 Nce7 23. Ne4 Bb7 24. Nxf6+ Nxf6 25. Bf4 Rbc8 26. Rxc8 Rxc8 27. Ng5
Qc6 28. f3 Ng6 29. Bg3 Nh5 30. Be5 Qc2 31. Qxb5 Nhf4 32. Bxf4 Nxf4 33. Qf1 Ba6
34. Qf2 Qxf2+ 35. Kxf2 Nd3+ 36. Ke2 Rc2+ 37. Kd1 Rc1+ 38. Kd2 Rxe1 39. Ne4 Rg1
40. Nc5 Nxc5 41. dxc5 Rxg2+ 42. Kc3 Bb5 43. Bb1 Bc6 44. Be4 Bxe4 45. fxe4 Kf8
0-1

[Event "9. Lichtenberger Sommer 2010"]
[Site "Berlin"]
[Date "2010.08.13"]
[Round "7.63"]
[White "Grillich, Alexander"]
[Black "Hesselbarth, Karlheinz"]
[Result "1-0"]
[WhiteElo "1994"]
[BlackElo "1848"]
[PlyCount "115"]
[EventDate "2010.??.??"]
[WhiteTeam "SC Rochade e.V."]
[BlackTeam "SC Zugzwang 95 e.V."]

1. e4 e5 2. Nf3 Nc6 3. Bb5 a6 4. Ba4 d6 5. h3 Be7 6. c3 f5 7. d3 fxe4 8. dxe4
Be6 9. O-O Nf6 10. Ng5 Bg8 11. Nd2 Nd7 12. Ngf3 Nc5 13. Bc2 Bf7 14. Re1 O-O 15.
Nf1 Kh8 16. Ng3 Bg6 17. b4 Ne6 18. Nf5 Bf6 19. Ne3 Qd7 20. Nd5 Bd8 21. Be3 Ne7
22. Nh4 Be8 23. Nf5 Nxd5 24. Qxd5 Qc8 25. Rad1 Bf7 26. Qd2 Bf6 27. Kh2 Qe8 28.
g3 Bg6 29. Bb3 Nd8 30. c4 Nf7 31. c5 Bxf5 32. exf5 Rd8 33. Qd5 c6 34. Qe6 d5
35. a4 Ng5 36. Bxg5 Qxe6 37. fxe6 Bxg5 38. Rxe5 Be7 39. f4 Rf6 40. a5 Rdf8 41.
Bxd5 cxd5 42. Rdxd5 Kg8 43. Rd7 Re8 44. Rxb7 Kf8 45. f5 Rd8 46. g4 Ke8 47. Kg2
Rf8 48. Kf3 g6 49. Ke4 Rd1 50. Rb8+ Rd8 51. Rb6 gxf5+ 52. gxf5 Rf6 53. c6 Rh6
54. Rd5 Rh4+ 55. Ke5 Bf6+ 56. Kxf6 Rxd5 57. Rb8+ Rd8 58. c7 1-0

[Event "9. Lichtenberger Sommer 2010"]
[Site "Berlin"]
[Date "2010.08.13"]
[Round "7.64"]
[White "Hempel-Morgenstern, Markus"]
[Black "Oginski, Ulrich"]
[Result "1/2-1/2"]
[WhiteElo "1564"]
[BlackElo "1826"]
[PlyCount "36"]
[EventDate "2010.??.??"]
[WhiteTeam "SG Weißensee 49 e.V."]
[BlackTeam "SC Weisse Dame e.V."]

1. f4 d5 2. e3 Nf6 3. Nf3 Bg4 4. b3 Nbd7 5. Be2 Bxf3 6. Bxf3 e5 7. fxe5 Nxe5 8.
O-O Bd6 9. Bb2 c6 10. Qe2 Qc7 11. g3 Nxf3+ 12. Qxf3 O-O-O 13. Qf5+ Kb8 14. Rf3
h5 15. Nc3 Be5 16. Na4 Rhe8 17. Bxe5 Qxe5 18. Qxe5+ Rxe5 1/2-1/2

[Event "9. Lichtenberger Sommer 2010"]
[Site "Berlin"]
[Date "2010.08.13"]
[Round "7.65"]
[White "Große-Honebrink, Brigitte"]
[Black "Glöß, Henrik"]
[Result "1-0"]
[WhiteElo "1934"]
[BlackElo "1678"]
[PlyCount "65"]
[EventDate "2010.??.??"]
[WhiteTeam "SC Kreuzberg e.V."]
[BlackTeam "Sfr.Nord-Ost Berlin"]

1. d4 Nf6 2. Nf3 g6 3. Bf4 Bg7 4. e3 O-O 5. Be2 d6 6. h3 c5 7. c3 Qb6 8. Qb3
Be6 9. Qxb6 axb6 10. a3 Nc6 11. Nbd2 Bf5 12. O-O Nh5 13. Bh2 Nf6 14. Rfe1 Rac8
15. Rac1 d5 16. Ne5 Nd7 17. Nxd7 Bxd7 18. Bf3 e6 19. dxc5 Ne5 20. Bxe5 Bxe5 21.
cxb6 Rc6 22. e4 Bf4 23. Rcd1 Rxb6 24. exd5 Rxb2 25. Ne4 Kg7 26. Nc5 Bc8 27. Nd3
Rb3 28. Nxf4 Rxc3 29. dxe6 g5 30. e7 Rg8 31. Nd5 Rxf3 32. gxf3 Bxh3 33. e8=Q
1-0

[Event "9. Lichtenberger Sommer 2010"]
[Site "Berlin"]
[Date "2010.08.13"]
[Round "7.66"]
[White "Hünerfauth, Uwe"]
[Black "Ross, Chris N"]
[Result "0-1"]
[WhiteElo "2108"]
[BlackElo "2207"]
[PlyCount "60"]
[EventDate "2010.??.??"]
[WhiteTeam "SK Landau"]
[BlackTeam "New England"]

1. Nc3 c5 2. f4 Nc6 3. e4 g6 4. Nf3 Bg7 5. g3 Rb8 6. Bg2 e6 7. d3 d6 8. Be3 Nd4
9. Qd2 Ne7 10. O-O O-O 11. Rae1 b5 12. Nh4 b4 13. Nd1 f5 14. c3 bxc3 15. bxc3
Nb5 16. a4 Na3 17. e5 dxe5 18. Bxc5 Nb1 19. Qc2 Qc7 20. Bxe7 Qxe7 21. fxe5 Qa3
22. Ne3 Rb2 23. Qc1 Ba6 24. c4 Rfb8 25. d4 Nd2 26. Rf2 Bh6 27. Rfe2 Qd3 28. d5
Rb1 29. Qxd2 Qxd2 30. Rxd2 Rxe1+ 0-1

[Event "9. Lichtenberger Sommer 2010"]
[Site "Berlin"]
[Date "2010.08.13"]
[Round "7.68"]
[White "Schmalzried, Volker"]
[Black "Hübner, Alan-Ari"]
[Result "1/2-1/2"]
[WhiteElo "1853"]
[BlackElo "1558"]
[PlyCount "72"]
[EventDate "2010.??.??"]
[WhiteTeam "Umweltbundesamt"]
[BlackTeam "TuS Makkabi Berlin e.V."]

1. c4 c5 2. Nc3 Nc6 3. g3 g6 4. Bg2 Bg7 5. Nf3 e6 6. O-O Nge7 7. e3 O-O 8. d4
cxd4 9. exd4 d5 10. cxd5 Nxd5 11. Nxd5 Qxd5 12. Ne5 Qxd4 13. Nxc6 bxc6 14. Bxc6
Ba6 15. Qxd4 Bxd4 16. Bxa8 Bxf1 17. Kxf1 Rxa8 18. Rb1 Rc8 19. Be3 Bxe3 20. fxe3
Rc2 21. Kg1 Re2 22. a4 Rxe3 23. b4 Ra3 24. a5 Kg7 25. Rc1 Ra4 26. Rc4 Kf6 27.
h3 Ke5 28. Rc7 Rxb4 29. Rxf7 Ra4 30. Rxa7 h5 31. a6 Ke4 32. Rg7 Rxa6 33. Rxg6
Kf3 34. g4 Ra1+ 35. Kh2 Ra2+ 36. Kg1 Ra1+ 1/2-1/2

[Event "9. Lichtenberger Sommer 2010"]
[Site "Berlin"]
[Date "2010.08.13"]
[Round "7.69"]
[White "Kasper, Peter"]
[Black "Kapp, Frank"]
[Result "0-1"]
[WhiteElo "1846"]
[BlackElo "1881"]
[PlyCount "140"]
[EventDate "2010.??.??"]
[WhiteTeam "SG Eckturm"]
[BlackTeam "TSV IFA Chemnitz"]

1. e4 e6 2. d4 d5 3. exd5 exd5 4. Nf3 Nf6 5. Be2 Bd6 6. h3 Bf5 7. O-O O-O 8.
Bg5 Nbd7 9. Nbd2 c6 10. Nh4 Be6 11. Nhf3 Qc7 12. Re1 h6 13. Be3 Rfe8 14. c4
dxc4 15. Nxc4 Bxc4 16. Bxc4 Nb6 17. Bb3 Nbd5 18. Qd3 Re7 19. Bd2 Rae8 20. Rxe7
Rxe7 21. Re1 Rxe1+ 22. Bxe1 Qe7 23. a3 Nf4 24. Qe3 Ne2+ 25. Kf1 Ng3+ 26. Kg1
Qxe3 27. fxe3 Nge4 28. Bc2 Kf8 29. Nd2 Nxd2 30. Bxd2 c5 31. dxc5 Bxc5 32. Kf1
Ke7 33. Ke2 Bd6 34. Kf3 Be5 35. b3 b6 36. Bd3 a5 37. a4 Nd7 38. Bc4 g6 39. Ke4
f5+ 40. Kf3 g5 41. g4 Kf6 42. gxf5 Kxf5 43. Bd3+ Ke6 44. Bc4+ Kf6 45. Kg4 Nc5
46. Bd5 Kg6 47. e4 h5+ 48. Kf3 Kf6 49. Be3 Kg6 50. Bd2 Bd4 51. Bc1 Nd3 52. Bd2
Ne5+ 53. Kg3 g4 54. hxg4 Nxg4 55. Bf4 Be5 56. Bxe5 Nxe5 57. Kh4 Nd3 58. Bc6 Nc5
59. Be8+ Kf6 60. Kxh5 Ke5 61. Kg6 Kxe4 62. Kf6 Kd4 63. Ke7 Nxb3 64. Kd6 Kc4 65.
Kc6 Kb4 66. Kxb6 Nc5 67. Bb5 Nxa4+ 68. Ka6 Nc5+ 69. Kb6 Ne6 70. Ka6 Nc7+ 0-1